1226 1678 1112 1946 1432 1918 1015 1096 1637 1725 1286 1986 1520 1505 1551 1999 1171 1647 1295 1451 1162 1669 1951 1527 1573 1261 1137 1511 1366 1892 1198 1695 1566 1653 1934 1590 1472 1274 1024 1010 1054 1457 1518 1849 1984 1803 1630 1551 1840 1058 1307 1870 1908 1202 1947 1531 1484 1192 1955 1887 1782 1119 1186 1608 1874 1800 1315 1962 1813 1156 1377 1760 1674 1863 1993 1567 1439 1186 1357 1652 1461 1413 1120 2000 1539 1693 1843 1777 1404 1145 1390 1171 1399 1455 1151 1989 1559 1389 1777 BCNSPRNW ULIB Ver.6.0+V

เปลี่ยนเป็นภาษาไทย

Change to English
 แสดงรายละเอียดบรรณานุกรม
  กลับหน้าหลัก

Brief Record : Get Marc (ISO 2709) : E-mail record : QR code < ปิดหน้าต่าง
LEADER : 00000nam 2200000uu 4500
001    13399108510
003     ULIB
008    110306s2548||||th 000 0 tha d
020    ^a9749943074
050  4 ^aLB1028.5^bบ465อ 2548
100 0  ^aบุญทิพย์ สิริธรังศรี
245 00 ^aอี-เลิร์นนิ่ง:มิติใหม่ในการเรียนรู้ทางการพยาบาล/^cบุญทิพย์ สิริธรังศรี
260    ^aนนทบุรี : ^bมหาวิทยาลัยสุโขมัยธรรมาธิราช^c2548
300    ^a127 หน้า;^bภาพประกอบ,
650  7 ^aการพยาบาล^xการศึกษาและการสอน
650  7 ^aการเรียนรู้ผ่านระบบอิเล็กทรอนิกส์
945    ^p0^l0^i18030
945    ^p0^l0^i18029
945    ^p0^l0^i18028
995    เกษร
999    ^aใช้งานได้ทุกระบบ
รายการนี้ยังไม่มีแท็ก
คุณยังไม่ได้ล็อกอิน คุณสามารถมีกิจกรรมร่วมกับเว็บไซต์ได้ แต่ต้องล็อกอินก่อน ::
  ล็อกอิน

รายการสื่อสารสนเทศ

ลำดับที่ ประเภท เลขเรียก/บาร์โค้ด สถานที่ สถานะ
- ไม่พบข้อมูล -

รายการใกล้เคียง
    ผู้แต่ง [บุญทิพย์ สิริธรังศรี]

    หัวเรื่อง [การเรียนรู้ผ่านระบบอิเล็กทรอนิกส์]

BibComment


ยังไม่เคยถูกคอมเมนท์

คอมเมนท์ทรัพยากรรายการนี้
  คอมเมนท์: อีเลิร์นนิ่งมิติ..


 Copyright 2026. Bcnsprnw @Library